Statistiques concernant Drapeaux de Pays Animés

Cliquez ici pour prendre le quiz!

Statistiques générales

  • Ce quiz a été pris 885 fois
  • Le résultat moyen est 12 sur 15

Statistiques - réponses

DrapeauxPays% Correct
Mexique
97%
Portugal
97%
Algérie
95%
Albanie
90%
Japon
90%
Chili
81%
Pakistan
81%
Géorgie
77%
Sri Lanka
73%
Syrie
72%
Biélorussie
71%
Barbade
68%
Mauritanie
58%
Oman
54%
Kiribati
50%

Distribution des résultats

Percentile par nombre de réponses

% des personnes avec chaque résultat

Votre développement - résultats

Vous n’avez pas pris ce quiz